000 00375nam a2200133Ia 4500
008 240624s9999 xx 000 0 und d
041 _aeng
082 _a332.60954 ATH
100 _aATHUKORALA PREMA CHANDRA
245 _aSAVING INVESTMENT AND GROWTH IN INDIA
260 _c2002
_aNew Delhi
_bOxford University press
300 _axiii, : 181 : p. : cm. ; 22
365 _cRS
_b30
999 _c6344
_d6344